O jabuti, a baleia e a anta (Record no. 47266)

MARC details
000 -LÍDER
campo de controle de tamanho fixo 00368 a2200157 4500
001 - NÚMERO DE CONTROLE
campo de controle 47266
020 ## - ISBN - INTERNATIONAL STANDARD BOOK NUMBER
ISBN - International Standard Book Number 9788561695521
040 ## - FONTE DA CATALOGAÇÃO
Instituição que transcreveu o registro Anchieta - Aquarius
100 ## - ENTRADA PRINCIPAL--NOME PESSOAL
Nome pessoal Barbiere, Stela
240 10 - TÍTULO UNIFORME
Título uniforme O jabuti, a baleia e a anta
Idioma da obra por
245 10 - TÍTULO
Título O jabuti, a baleia e a anta
300 ## - DESCRIÇÃO FÍSICA
Extensão 32p.
362 0# - DATAS DE PUBLICAÇÃO E/OU DESIGNAÇÃO SEQUENCIAL
Datas de publicação e/ou designação sequencial 2015
650 #4 - ASSUNTO--TERMO TÓPICO
Cabeçalho tópico ou nome geográfico Literatura infanto-juvenil
942 ## - ELEMENTOS DE ENTRADA ADICIONADOS (KOHA)
Tipo de material Koha Livros
Holdings
Situação do descarte Situação das perdas Situação física Não pode ser emprestado Biblioteca de origem Biblioteca atual Data de aquisição Total de empréstimos Número de chamada completo Código de barras Data de último acesso Data do último empréstimo Data do preço efetivo Tipo de material Koha
        Colégio Anchieta - Aquarius Inspira 21/11/2023 2 028.5 BAR JAB 5805/AQU 21/11/2023 21/11/2023 21/11/2023 Livros